000 00642cam a22002413a 4500
001 20800
003 PGUSA
005 20140828083437.0
008 070312s2007||||xxu|||||s|||||000 | eng d
040 _aPGUSA
_beng
042 _adc
050 4 _aBP
100 1 _aBesant, Annie,
_d1847-1933
245 1 0 _aLondon Lectures of 1907
_h[electronic resource] /
_cAnnie Besant
260 _bProject Gutenberg,
_c2007
506 _aPublic domain in the USA.
516 _aElectronic text
653 _aTheosophy
653 _aReligions
830 0 _aProject Gutenberg
_v20800
856 4 0 _uhttp://www.gutenberg.org/ebooks/20800
942 _cEB
999 _c250055
_d250055